000 00669nam a2200205Ia 4500
001 21048
003 GE_BSU
008 181216s||||||||xx |||||||||||||| ||und||
040 _cGE_BSU
245 _aРеферативный журнал, №5. 2017. Биология.
245 _bРаздел. Ботаника.Высшие растения.
245 _cгл.ред.РАН Р.В.Петров и др.
260 _aМосква
260 _c2017
300 _a32 стр. 30см. илл.
653 _aПериодика
653 _aРеферативный журнал. №5.2017. Биология.
653 _aპერიოდიკა
942 _cCR
999 _c53997
_d53997